000 00316nam a22001217a 4500
999 _c5277
_d5277
008 250902b ||||| |||| 00| 0 eng d
020 _a9780062014191
082 _a823.92 DOD
100 _aDODD,EMMA
_eAUTHOR
_lENGLISH
245 _aFOXY
260 _a10 EAST 53RD STREET,NEW YORK,NY 10022
_bHarperCollins
942 _2ddc